00299nam a22001217a 4500003000400000082001800004100002200022245004300044260004400087300000800131650001900139653001900158SGT a617.645bR21C aChaturvedi, Aditi aRecent Advances in Periodontal therapy aGurugram, HaryanabSGT Universityc2021 a160 aPeriodontology aPeriodontology